УИРС. Часть 5 (профиль Электроснабжение) / ДО 2017 (13.03.02): электронный курс
| Hlavní autor: | |
|---|---|
| Korporativní autor: | |
| Další autoři: | |
| Shrnutí: | Заглавие с экрана Основной целью курса является формирование базовых знаний и комплекса умений, необходимых для решения задач инженерной деятельности; усиление мотивации к получению знаний и умений в области профессиональной подготовки согласно выбранному направлению. Дисциплина «Учебно-исследовательская работа студентов» входит в вариативную часть междисциплинарного профессионального модуля и изучается в 8 семестре. Доступ по логину и паролю |
| Jazyk: | ruština |
| Vydáno: |
Томск, TPU Moodle, 2021
|
| Témata: | |
| On-line přístup: | https://design.lms.tpu.ru/course/view.php?id=3688 |
| Médium: | Elektronický zdroj Kniha |
| KOHA link: | https://koha.lib.tpu.ru/cgi-bin/koha/opac-detail.pl?biblionumber=666588 |
MARC
| LEADER | 00000nlm0a2200000 4500 | ||
|---|---|---|---|
| 001 | 666588 | ||
| 005 | 20240207095148.0 | ||
| 035 | |a (RuTPU)RU\TPU\network\37792 | ||
| 035 | |a RU\TPU\network\37790 | ||
| 090 | |a 666588 | ||
| 100 | |a 20220112d2021 m y0rusy50 ca | ||
| 101 | 0 | |a rus | |
| 102 | |a RU | ||
| 105 | |a a j 000zy | ||
| 135 | |a jrcn ---uucaa | ||
| 181 | 0 | |a i | |
| 182 | 0 | |a b | |
| 200 | 1 | |a УИРС. Часть 5 (профиль Электроснабжение) / ДО 2017 (13.03.02) |e электронный курс |f И. О. Муравлев, О. О. Столярова |g Национальный исследовательский Томский политехнический университет, Инженерная школа энергетики, Отделение электроэнергетики и электротехники (ОЭЭ) | |
| 203 | |a Текст |c электронный | ||
| 210 | |a Томск |c TPU Moodle |d 2021 | ||
| 300 | |a Заглавие с экрана | ||
| 330 | |a Основной целью курса является формирование базовых знаний и комплекса умений, необходимых для решения задач инженерной деятельности; усиление мотивации к получению знаний и умений в области профессиональной подготовки согласно выбранному направлению. Дисциплина «Учебно-исследовательская работа студентов» входит в вариативную часть междисциплинарного профессионального модуля и изучается в 8 семестре. | ||
| 333 | |a Доступ по логину и паролю | ||
| 606 | 1 | |a Студенты |x Научно-исследовательская работа |2 stltpush |3 (RuTPU)RU\TPU\subj\68806 |9 83939 | |
| 606 | 1 | |a Электроснабжение |2 stltpush |3 (RuTPU)RU\TPU\subj\20841 |9 45911 | |
| 610 | 1 | |a электронный ресурс | |
| 610 | 1 | |a труды учёных ТПУ | |
| 610 | 1 | |a электронное обучение | |
| 610 | 1 | |a электронные курсы ТПУ | |
| 610 | 1 | |a электронные учебные пособия | |
| 610 | 1 | |a e-learning | |
| 610 | 1 | |a Moodle | |
| 610 | 1 | |a дистанционное образование | |
| 610 | 1 | |a дистанционное обучение | |
| 610 | 1 | |a электронные образовательные ресурсы | |
| 675 | |a 621.31.031(075.8) |v 4 | ||
| 686 | |a Ч481.268я73 |2 rubbk | ||
| 700 | 1 | |a Муравлев |b И. О. |c специалист в области электротехники |c доцент Томского политехнического университета, кандидат технических наук |f 1962- |g Игорь Олегович |3 (RuTPU)RU\TPU\pers\26336 |9 12089 | |
| 701 | 1 | |a Столярова |b О. О. |c специалист в области электротехники |c доцент Томского политехнического университета, кандидат технических наук |f 1968- |g Ольга Олеговна |3 (RuTPU)RU\TPU\pers\31363 |9 15535 | |
| 712 | 0 | 2 | |a Национальный исследовательский Томский политехнический университет |b Инженерная школа энергетики |b Отделение электроэнергетики и электротехники (ОЭЭ) |3 (RuTPU)RU\TPU\col\23505 |
| 801 | 2 | |a RU |b 63413507 |c 20220711 |g RCR | |
| 856 | 4 | |u https://design.lms.tpu.ru/course/view.php?id=3688 | |
| 942 | |c CF | ||